000
00201 a2200097 4500
001
27591
100
_a
Numani, S
245
_a
Seerat-un-Nabi
260
_a
_b
Nashran Quran Ltd
_c
090
_c
18375
_d
18375
942
_a
NUST-CAE
_c
_c
9308
999
_c
262664
_d
262664